New Zealand Regions on North Island - Sudden Death - Statistics

General Stats
  • This quiz has been taken 9 times
  • The average score is 6 of 9
Answers on the Grid
Answers color-coded by a green-red scale on the quiz's grid according to % correct below.
Auckland
Bay of Plenty
Canterbury
Gisborne
Hawke's Bay
Manawatu-Wanganui
Marlborough
Nelson
Northland
Otago
Southland
Taranaki
Tasman
Waikato
Wellington
West Coast
 
Answer Stats
Answer % Correct
Bay of Plenty
100%
Auckland
88%
Northland
75%
Waikato
75%
Wellington
75%
Hawke's Bay
63%
Manawatu-Wanganui
63%
Gisborne
50%
Taranaki
50%
No matching quizzes found
Score Distribution
Percent of People with Each Score
Percentile by Number Answered
Your Score History
You have not taken this quiz